Phát triển nền nông nghiệp hàng hóa ở Việt Nam thực trạng và giải pháp

保存先:
書誌詳細
第一著者: Trần Xuân Châu
フォーマット: 図書
言語:Undetermined
出版事項: Hà Nội CTQG. 2003
主題:
タグ: タグ追加
タグなし, このレコードへの初めてのタグを付けませんか!
Thư viện lưu trữ: Trung tâm Học liệu Trường Đại học Cần Thơ
LEADER 00578nam a2200193Ia 4500
001 CTU_62129
008 210402s9999 xx 000 0 und d
020 |b 31500 
082 |a 338.18 
082 |b Ch125 
100 |a Trần Xuân Châu 
245 0 |a Phát triển nền nông nghiệp hàng hóa ở Việt Nam thực trạng và giải pháp 
260 |a Hà Nội 
260 |b CTQG. 
260 |c 2003 
650 |a agriculturre and state 
650 |z Vietnam 
904 |i Mai Loan 
980 |a Trung tâm Học liệu Trường Đại học Cần Thơ